Anatomia humana sistêmica e segmentar (Record no. 183356)

MARC details
000 -LÍDER
campo de controle de tamanho fixo 00382 a2200157 4500
001 - NÚMERO DE CONTROLE
campo de controle 183356
020 ## - ISBN - INTERNATIONAL STANDARD BOOK NUMBER
ISBN - International Standard Book Number 85-7379-073-3
040 ## - FONTE DA CATALOGAÇÃO
Instituição que transcreveu o registro Magnum
100 ## - ENTRADA PRINCIPAL--NOME PESSOAL
Nome pessoal Fattini, Carlo Américo
240 10 - TÍTULO UNIFORME
Título uniforme Anatomia humana sistêmica e segmentar
Idioma da obra por
245 10 - TÍTULO
Título Anatomia humana sistêmica e segmentar
300 ## - DESCRIÇÃO FÍSICA
Extensão 671
362 0# - DATAS DE PUBLICAÇÃO E/OU DESIGNAÇÃO SEQUENCIAL
Datas de publicação e/ou designação sequencial 2000
697 ## - ENTRADA DE ASSUNTO LOCAL--ENTIDADE COLETIVA (RLIN)
Nome corporativo ou nome da jurisdição ANATOMIA E MORFOLOGIA
942 ## - ELEMENTOS DE ENTRADA ADICIONADOS (KOHA)
Tipo de material Koha Livros
Holdings
Situação do descarte Situação das perdas Situação física Não pode ser emprestado Biblioteca de origem Biblioteca atual Data de aquisição Total de empréstimos Número de chamada completo Código de barras Data de último acesso Data do preço efetivo Tipo de material Koha
        Magnum Magnum 08/06/2024   3.47 MAG00036672 08/06/2024 08/06/2024 Livros
        Magnum Magnum 08/06/2024   3.47 MAG00036673 08/06/2024 08/06/2024 Livros
        Magnum Magnum 08/06/2024   3.47 MAG00036674 08/06/2024 08/06/2024 Livros
        Magnum Magnum 08/06/2024   3.47 MAG00036675 08/06/2024 08/06/2024 Livros
        Magnum Magnum 08/06/2024   3.47 MAG00036676 08/06/2024 08/06/2024 Livros